Das neue Asien Mit 88 Abbildungen und 7 Karten.

Đã lưu trong:
书目详细资料
主要作者: Colin Ross
格式: 图书
语言:Undetermined
出版: Leipzig F.A. Brockhaus 1940
主题:
标签: 添加标签
没有标签, 成为第一个标记此记录!
Thư viện lưu trữ: Trung tâm Học liệu Trường Đại học Cần Thơ
LEADER 00523nam a2200205Ia 4500
001 CTU_90432
008 210402s9999 xx 000 0 und d
082 |a 915 
082 |b R823 
100 |a Colin Ross 
245 0 |a Das neue Asien 
245 0 |b Mit 88 Abbildungen und 7 Karten. 
245 0 |c Colin Ross 
260 |a Leipzig 
260 |b F.A. Brockhaus 
260 |c 1940 
650 |a east asia 
650 |x description and travel. 
904 |i Năm 
980 |a Trung tâm Học liệu Trường Đại học Cần Thơ